[Event "FISCA Online op"]
[Site "chess.com INT"]
[Date "2020.06.22"]
[Round "4.1"]
[White "Talukdar, Rohan"]
[Black "Martinez Alcantara, Jose Eduardo"]
[Result "1/2-1/2"]
[WhiteElo "2341"]
[BlackElo "2620"]
[PlyCount "153"]
[EventDate "2020.06.19"]
[EventType "swiss"]
[EventRounds "9"]
[EventCountry "NET"]
[Source "Mark Crowther"]
[SourceDate "2020.06.29"]

1. e4 e5 2. Nf3 Nc6 3. Bb5 a6 4. Ba4 Nf6 5. O-O Nxe4 6. d4 Be7 7. dxe5 Nc5 8.
Bxc6 dxc6 9. Qxd8+ Bxd8 10. Nc3 Bg4 11. Be3 Ne6 12. Ne1 h5 13. f4 Bf5 14. Rd1
Be7 15. a3 O-O 16. Rf2 Rfd8 17. Rfd2 Rxd2 18. Rxd2 f6 19. Nf3 fxe5 20. fxe5 Rd8
21. Rf2 g6 22. Kf1 b5 23. Ke1 c5 24. Rd2 c6 25. Rxd8+ Bxd8 26. Kd1 g5 27. h3 g4
28. hxg4 hxg4 29. Nd2 Bc7 30. Nde4 b4 31. Nf6+ Kf7 32. Na4 a5 33. Nd7 Be4 34.
g3 bxa3 35. bxa3 Ke7 36. Naxc5 Bf3+ 37. Ke1 Nxc5 38. Nxc5 Bxe5 39. Kf2 Bd1 40.
c4 Bc2 41. a4 Bc3 42. Nb7 Kd7 43. Ke2 Kc8 44. Nc5 Bb4 45. Bf2 Kd8 46. Nd3 Bd6
47. Nc5 Ke7 48. Kd2 Bf5 49. Ke2 Bc7 50. Be1 Kf6 51. Bc3+ Kg6 52. Be1 Bc2 53.
Kd2 Bb1 54. Nb3 Ba2 55. Nd4 Bxc4 56. Nxc6 Kf5 57. Kc3 Ba6 58. Kd4 Bb6+ 59. Kd5
Bb7 60. Bd2 Bf2 61. Bf4 Bxc6+ 62. Kxc6 Ke4 63. Kb5 Be1 64. Bc7 Kf3 65. Bxa5
Bxg3 66. Bb6 Bf2 67. Bxf2 Kxf2 68. a5 g3 69. a6 g2 70. a7 g1=Q 71. a8=Q Qb1+
72. Kc5 Qc2+ 73. Kd6 Qg6+ 74. Kc7 Qf7+ 75. Kb8 Qe8+ 76. Ka7 Qxa8+ 77. Kxa8
1/2-1/2

[Event "FISCA Online op"]
[Site "chess.com INT"]
[Date "2020.06.23"]
[Round "5.6"]
[White "Petrov, Martin"]
[Black "Talukdar, Rohan"]
[Result "0-1"]
[WhiteElo "2520"]
[BlackElo "2341"]
[PlyCount "120"]
[EventDate "2020.06.19"]
[EventType "swiss"]
[EventRounds "9"]
[EventCountry "NET"]
[Source "Mark Crowther"]
[SourceDate "2020.06.29"]

1. e4 c5 2. Nf3 d6 3. d4 cxd4 4. Nxd4 Nf6 5. Nc3 a6 6. Be3 e5 7. Nb3 Be6 8. h3
Be7 9. f4 Nc6 10. f5 Bxb3 11. axb3 Nb4 12. g3 Qc8 13. Rh2 O-O 14. Bc4 b5 15.
Bd5 Nbxd5 16. Nxd5 Qb7 17. Rd2 Rac8 18. Nxf6+ Bxf6 19. Rd5 b4 20. Qd3 Rc6 21.
Rd1 Rfc8 22. Rd2 h6 23. h4 Bd8 24. Kd1 Bb6 25. g4 Qa7 26. Bxb6 Qxb6 27. Qg3 a5
28. g5 h5 29. Qf2 Qa6 30. Qe2 Qb6 31. Qf2 Qa6 32. Qe2 Qb6 33. R5d3 Qg1+ 34. Qe1
Rxc2 35. Qxg1 Rc1+ 36. Ke2 Rxg1 37. Rxd6 Rg4 38. Rd8+ Rxd8 39. Rxd8+ Kh7 40.
Rd7 Rxe4+ 41. Kd3 Rxh4 42. Rxf7 Rg4 43. g6+ Kh6 44. Re7 h4 45. Rxe5 h3 46. Re8
Kg5 47. Rh8 Rg3+ 48. Ke4 Rxb3 49. Rh7 Kf6 50. Rh8 Rxb2 51. Kf4 h2 52. Rf8+ Ke7
53. Rh8 b3 54. Rh3 Rf2+ 55. Kg5 Rg2+ 56. Kf4 b2 57. Re3+ Kf8 58. Rb3 h1=Q 59.
Rb8+ Ke7 60. Rb7+ Kd8 0-1

[Event "FISCA Online op"]
[Site "chess.com INT"]
[Date "2020.06.25"]
[Round "6.3"]
[White "Deac, Bogdan Daniel"]
[Black "Talukdar, Rohan"]
[Result "1-0"]
[WhiteElo "2625"]
[BlackElo "2341"]
[PlyCount "103"]
[EventDate "2020.06.19"]
[EventType "swiss"]
[EventRounds "9"]
[EventCountry "NET"]
[Source "Mark Crowther"]
[SourceDate "2020.06.29"]

1. Nf3 Nf6 2. c4 g6 3. Nc3 d5 4. cxd5 Nxd5 5. h4 Bg7 6. e4 Nxc3 7. dxc3 Qxd1+
8. Kxd1 Nd7 9. Nd4 Nc5 10. f3 Ne6 11. Nb3 a5 12. a4 O-O 13. Bc4 b6 14. f4 Bb7
15. Re1 Rfd8+ 16. Kc2 Nf8 17. g4 e6 18. e5 f6 19. Nd4 fxe5 20. fxe5 Bd5 21. Bb5
c5 22. Nc6 Bxc6 23. Bxc6 Ra7 24. Bg5 Rc8 25. Bb5 Rf7 26. Rad1 h6 27. Bc1 Rf2+
28. Re2 Rxe2+ 29. Bxe2 Bxe5 30. Bxh6 Bc7 31. Bg5 Nh7 32. Be7 Nf8 33. Bd6 Bxd6
34. Rxd6 Rb8 35. Kd2 Kf7 36. Ke3 Ke7 37. Rc6 Nd7 38. Bc4 Rh8 39. Rxe6+ Kd8 40.
Bb5 Rxh4 41. Rd6 Rh7 42. Kf4 Kc7 43. Rxd7+ Rxd7 44. Bxd7 Kxd7 45. Kg5 Ke6 46.
Kxg6 Kd5 47. Kf5 Kc4 48. g5 Kb3 49. g6 Kxa4 50. g7 Kb3 51. g8=Q+ Kxb2 52. Qc4
1-0

[Event "FISCA Online op"]
[Site "chess.com INT"]
[Date "2020.06.26"]
[Round "7.9"]
[White "Talukdar, Rohan"]
[Black "Serban, Cristian-Stefan"]
[Result "1-0"]
[WhiteElo "2341"]
[BlackElo "2065"]
[PlyCount "91"]
[EventDate "2020.06.19"]
[EventType "swiss"]
[EventRounds "9"]
[EventCountry "NET"]
[Source "Mark Crowther"]
[SourceDate "2020.06.29"]

1. e4 c5 2. Nf3 Nc6 3. d4 cxd4 4. Nxd4 Nf6 5. Nc3 e5 6. Ndb5 d6 7. Bg5 a6 8.
Na3 b5 9. Nd5 Be7 10. Bxf6 Bxf6 11. c3 Ne7 12. Nxf6+ gxf6 13. Bd3 f5 14. exf5
Bxf5 15. Bxf5 Nxf5 16. Qe2 Qg5 17. g3 O-O 18. O-O Rfe8 19. Rad1 Rad8 20. Qe4
Qg6 21. Rfe1 h5 22. Nc2 Kg7 23. Nb4 a5 24. Nd5 Rh8 25. Rd3 h4 26. g4 Nh6 27.
Qxg6+ Kxg6 28. Ne7+ Kh7 29. Nc6 Rdg8 30. h3 Rg6 31. Red1 Ra8 32. Rd5 f5 33.
Rxd6 fxg4 34. Rxg6 Kxg6 35. Nxe5+ Kf5 36. Nxg4 Nxg4 37. hxg4+ Kxg4 38. Rd4+ Kf3
39. Rxh4 b4 40. cxb4 axb4 41. Rxb4 Rxa2 42. Rb3+ Kf4 43. f3 Kg3 44. Kf1 Ra8 45.
Ke2 Rh8 46. Rb4 1-0

[Event "FISCA Online op"]
[Site "chess.com INT"]
[Date "2020.06.27"]
[Round "8.7"]
[White "Talukdar, Rohan"]
[Black "Vlasenko, M."]
[Result "1-0"]
[WhiteElo "2341"]
[BlackElo "2431"]
[PlyCount "129"]
[EventDate "2020.06.19"]
[EventType "swiss"]
[EventRounds "9"]
[EventCountry "NET"]
[Source "Mark Crowther"]
[SourceDate "2020.06.29"]

1. e4 Nf6 2. e5 Nd5 3. d4 d6 4. c4 Nb6 5. exd6 exd6 6. Nc3 Be7 7. Bd3 O-O 8.
Nge2 Nc6 9. b3 Bf6 10. Be3 Bg4 11. Qd2 d5 12. c5 Nc8 13. h3 Be6 14. O-O N8e7
15. g4 Qd7 16. g5 Bxh3 17. f3 Bxd4 18. Nxd4 Nxd4 19. Bxd4 Nc6 20. Bb5 Bxf1 21.
Rxf1 Qf5 22. Bxc6 bxc6 23. Ne2 f6 24. gxf6 gxf6 25. Kf2 Kf7 26. Ng3 Qg5 27. Be3
Qg6 28. Rh1 Rg8 29. Bf4 h5 30. Rxh5 Rh8 31. Rxh8 Rxh8 32. Ne2 Rh1 33. Qa5 Qb1
34. Qxc7+ Kg6 35. Qxc6 Qe1+ 36. Ke3 d4+ 37. Kd3 Qb1+ 38. Kxd4 Qxa2 39. Qe8+ Kg7
40. Qe7+ Kg6 41. Qe8+ Kg7 42. Bd6 Qxb3 43. Qd7+ Kg8 44. Qc8+ Kg7 45. Qc7+ Kg8
46. Qb8+ Qxb8 47. Bxb8 Kf7 48. c6 Ke7 49. Nc3 Kd8 50. Nb5 a6 51. c7+ Kd7 52.
Na7 Rd1+ 53. Ke3 Re1+ 54. Kf2 Re8 55. c8=Q+ Rxc8 56. Nxc8 Kxc8 57. Bd6 Kd7 58.
Bf8 Ke6 59. Ke3 Kf5 60. f4 a5 61. Ba3 a4 62. Bb2 Ke6 63. Ke4 f5+ 64. Kd4 Kd6
65. Ba3+ 1-0

[Event "FISCA Online op"]
[Site "chess.com INT"]
[Date "2020.06.28"]
[Round "9.3"]
[White "Macovei, Andrei"]
[Black "Talukdar, Rohan"]
[Result "1-0"]
[WhiteElo "2453"]
[BlackElo "2341"]
[PlyCount "113"]
[EventDate "2020.06.19"]
[EventType "swiss"]
[EventRounds "9"]
[EventCountry "NET"]
[Source "Mark Crowther"]
[SourceDate "2020.06.29"]

1. d4 Nf6 2. c4 g6 3. g3 Bg7 4. Bg2 d5 5. cxd5 Nxd5 6. Nf3 Nb6 7. O-O Nc6 8. e3
O-O 9. Nc3 Re8 10. h3 e5 11. d5 Na5 12. Qc2 c6 13. b4 Nac4 14. dxc6 bxc6 15.
Rd1 Qe7 16. Nd2 Bf5 17. Nce4 Rad8 18. a3 Bxe4 19. Nxe4 f5 20. Nd2 e4 21. Rb1
Qe6 22. Bf1 Ne5 23. Nb3 Nf3+ 24. Kh1 Rxd1 25. Qxd1 Na4 26. Bd2 Rd8 27. Qc2 Kh8
28. Be1 Qd5 29. Be2 Nxe1 30. Rxe1 Nc3 31. Bf1 g5 32. Kg1 f4 33. exf4 gxf4 34.
gxf4 Rf8 35. Re3 Rg8 36. Kh2 Nd1 37. Bc4 Qd6 38. Bxg8 Qxf4+ 39. Rg3 Be5 40. Kg1
Nxf2 41. Qxf2 Qxg3+ 42. Qxg3 Bxg3 43. Be6 Be5 44. Bd7 Bb2 45. a4 Bc3 46. Bxc6
Bxb4 47. Bxe4 Kg7 48. Kf2 h6 49. Ke3 Kf6 50. Kd4 Kg5 51. Kc4 Be1 52. Kb5 Kf4
53. Bc6 Kg3 54. Bd7 Bf2 55. Na5 h5 56. Nc6 h4 57. Ka6 1-0

[Event "PNWCC Masters"]
[Site "chess.com INT"]
[Date "2020.05.24"]
[Round "4.22"]
[White "Jiang, Brandon"]
[Black "Talukdar, Rohan"]
[Result "0-1"]
[WhiteElo "1954"]
[BlackElo "2341"]
[PlyCount "82"]
[EventDate "2020.05.23"]
[EventType "swiss"]
[EventRounds "9"]
[EventCountry "NET"]
[Source "ChessMix"]
[SourceDate "2020.06.01"]

1. e4 c5 2. Nf3 d6 3. Bb5+ Nd7 4. c3 Ngf6 5. Qe2 a6 6. Ba4 e5 7. d3 b5 8. Bb3
Be7 9. Nbd2 O-O 10. Nf1 Bb7 11. Ng3 d5 12. Bc2 Re8 13. O-O Bf8 14. a4 g6 15.
Bd2 Qc7 16. h4 Rac8 17. axb5 axb5 18. h5 c4 19. hxg6 hxg6 20. Bg5 Bg7 21. dxc4
bxc4 22. Ra7 Qb6 23. Rfa1 Nc5 24. Bxf6 Bxf6 25. exd5 Bxd5 26. Ne4 Nxe4 27. Bxe4
Be6 28. Qc2 g5 29. Qc1 Qd8 30. Qe3 Kg7 31. Bc2 Rh8 32. Rd1 Qe8 33. Nxe5 Rh6 34.
Nf3 Qh8 35. Kf1 Re8 36. Nxg5 Rh1+ 37. Ke2 Bg4+ 38. Kd2 Rxd1+ 39. Bxd1 Rxe3 40.
Rxf7+ Kg6 41. Kxe3 Bxg5+ 0-1

[Event "Sunway Sitges Online op"]
[Site "chess.com INT"]
[Date "2020.04.26"]
[Round "8.21"]
[White "Timoshin, Andrei"]
[Black "Talukdar, Rohan"]
[Result "0-1"]
[WhiteElo "2132"]
[BlackElo "2341"]
[PlyCount "80"]
[EventDate "2020.04.19"]
[EventType "swiss"]
[EventRounds "9"]
[EventCountry "NET"]
[Source "Mark Crowther"]
[SourceDate "2020.05.11"]

1. e4 c5 2. Nf3 d6 3. d4 cxd4 4. Qxd4 Nc6 5. Bb5 Bd7 6. Qd3 a6 7. Bxc6 Bxc6 8.
c4 Nf6 9. Nc3 g6 10. h3 Bg7 11. Be3 O-O 12. O-O Rc8 13. Nd4 Nd7 14. Rac1 Nc5
15. Qc2 Ne6 16. Nxe6 fxe6 17. Qb3 Qd7 18. f3 b5 19. c5 d5 20. Rcd1 Rfd8 21.
Rfe1 Bf6 22. Rd2 a5 23. Red1 a4 24. Qb4 Qb7 25. exd5 exd5 26. Qg4 Kf7 27. Ne4
Qd7 28. Ng5+ Bxg5 29. Qxg5 Qf5 30. Qh6 Kg8 31. Bd4 e5 32. Re2 Re8 33. Rde1 exd4
34. Re7 Rxe7 35. Rxe7 Qf6 36. Qxh7+ Kf8 37. Ra7 g5 38. Qh5 Be8 39. Qh7 Rxc5 40.
Qb7 d3 0-1

[Event "Sunway Sitges Online op"]
[Site "chess.com INT"]
[Date "2020.04.27"]
[Round "9.10"]
[White "Talukdar, Rohan"]
[Black "Molina, Roberto Junio Brito"]
[Result "1/2-1/2"]
[WhiteElo "2341"]
[BlackElo "2434"]
[PlyCount "138"]
[EventDate "2020.04.19"]
[EventType "swiss"]
[EventRounds "9"]
[EventCountry "NET"]
[Source "ChessMix"]
[SourceDate "2020.05.01"]

1. e4 e5 2. Nf3 Nc6 3. Bb5 a6 4. Ba4 d6 5. O-O Bg4 6. h3 h5 7. Bxc6+ bxc6 8. d3
Qf6 9. Nbd2 g5 10. Re1 Be6 11. Nh2 g4 12. hxg4 hxg4 13. Ndf1 Qh4 14. d4 Nf6 15.
Qd3 exd4 16. Qxd4 Bg7 17. Qa4 Kd7 18. g3 Qh5 19. c4 Qc5 20. e5 dxe5 21. b3 a5
22. Be3 Qb4 23. Rad1+ Kc8 24. Qxc6 Qb7 25. Qa4 Qb4 26. Qc6 Qb7 27. Qxb7+ Kxb7
28. Bd2 Nd7 29. Bc3 a4 30. b4 Rad8 31. Ne3 f5 32. c5 Rh5 33. a3 Rdh8 34. Nef1
R8h7 35. f3 gxf3 36. Nxf3 Nf6 37. Bxe5 Bb3 38. Rd8 Ne4 39. c6+ Kxc6 40. Rc1+
Kb6 41. Bxc7+ Kb7 42. Rb8+ Ka7 43. b5 Bd5 44. Rd8 Bb7 45. Bf4 Bh6 46. Rc7 Bxf4
47. Rxh7 Rxh7 48. gxf4 Kb6 49. Ne3 Rh3 50. Ne5 Kxb5 51. Nxf5 Rxa3 52. Nd4+ Ka6
53. Nc2 Rc3 54. Nd3 Kb6 55. Ndb4 Rf3 56. Rd4 Nc3 57. Kh2 Ne2 58. Rd6+ Kc7 59.
Rf6 Nxf4 60. Nd4 Rh3+ 61. Kg1 Nd3 62. Nb5+ Kc8 63. Rf8+ Kd7 64. Rf7+ Ke6 65.
Rxb7 Nxb4 66. Nd4+ Kd5 67. Rxb4 Rh4 68. Rxa4 Rxd4 69. Rxd4+ Kxd4 1/2-1/2

[Event "Winter Chess Classic"]
[Site "Montreal CAN"]
[Date "2020.03.02"]
[Round "1"]
[White "Talukdar, Rohan"]
[Black "Vigorito, David"]
[Result "1-0"]
[WhiteElo "2331"]
[BlackElo "2357"]
[PlyCount "65"]
[EventDate "2020.03.02"]
[EventType "tourn"]
[EventRounds "9"]
[EventCountry "CAN"]
[WhiteTeam "Kanada"]
[BlackTeam "USA"]
[WhiteTeamCountry "CAN"]
[BlackTeamCountry "USA"]

1. e4 c6 2. d4 d5 3. Nc3 dxe4 4. Nxe4 Nf6 5. Nxf6+ exf6 6. c3 Bd6 7. Bd3 O-O 8.
Qc2 Re8+ 9. Ne2 h5 10. Be3 Nd7 11. O-O-O Nf8 12. c4 Be6 13. Kb1 Rc8 14. a3 b5
15. c5 Bb8 16. Nc3 a5 17. d5 cxd5 18. Bxb5 Re7 19. Qd2 Be5 20. Nxd5 Rb7 21. Nb6
Rxb6 22. cxb6 Qe7 23. f4 Bf5+ 24. Bd3 Rd8 25. Qc2 Rc8 26. Qf2 Qd7 27. Qd2 Bb8
28. Bxf5 Qxf5+ 29. Qd3 Qg4 30. g3 a4 31. Bf2 f5 32. Rc1 Re8 33. b7 1-0

[Event "Winter Chess Classic"]
[Site "Montreal CAN"]
[Date "2020.03.03"]
[Round "2"]
[White "Liang, Jason"]
[Black "Talukdar, Rohan"]
[Result "1-0"]
[WhiteElo "2288"]
[BlackElo "2331"]
[PlyCount "107"]
[EventDate "2020.03.02"]
[EventType "tourn"]
[EventRounds "9"]
[EventCountry "CAN"]
[WhiteTeam "USA"]
[BlackTeam "Kanada"]
[WhiteTeamCountry "USA"]
[BlackTeamCountry "CAN"]

1. e4 c5 2. Nf3 d6 3. d4 cxd4 4. Nxd4 Nf6 5. Nc3 a6 6. Be3 e5 7. Nb3 Be6 8. f3
h5 9. Qd2 Nbd7 10. Nd5 Bxd5 11. exd5 g6 12. Be2 Bg7 13. O-O a5 14. Rad1 O-O 15.
c4 b6 16. Na1 Nc5 17. Nc2 Qd7 18. Na3 Ne8 19. Nb5 f5 20. Rb1 Nf6 21. Nc3 Rae8
22. Bd1 Qc7 23. a3 f4 24. Bf2 e4 25. Qc2 g5 26. b4 axb4 27. axb4 e3 28. Be1
Ncd7 29. Nb5 Qb8 30. Be2 Ne5 31. c5 dxc5 32. bxc5 bxc5 33. d6 Qc8 34. Bc3 Nd5
35. Qa2 c4 36. Bxe5 Rxe5 37. Bxc4 Qc5 38. Be2 Kh8 39. Rfc1 Qb6 40. Rd1 Qc6 41.
Rbc1 Qb7 42. Qc2 Nf6 43. d7 Nxd7 44. Qg6 Rf6 45. Qxh5+ Rh6 46. Qf7 Nc5 47. Rd8+
Kh7 48. Qg8+ Kg6 49. Rxc5 Rh8 50. Bd3+ Kh6 51. Rd6+ Kh5 52. Bg6+ Kh4 53. g3+
Kh3 54. Qe6+ 1-0

[Event "Winter Chess Classic"]
[Site "Montreal CAN"]
[Date "2020.03.04"]
[Round "5"]
[White "Talukdar, Rohan"]
[Black "Eckert, Doug"]
[Result "1/2-1/2"]
[WhiteElo "2331"]
[BlackElo "2139"]
[PlyCount "146"]
[EventDate "2020.03.02"]
[EventType "tourn"]
[EventRounds "9"]
[EventCountry "CAN"]
[WhiteTeam "Kanada"]
[BlackTeam "USA"]
[WhiteTeamCountry "CAN"]
[BlackTeamCountry "USA"]

1. e4 e5 2. Nf3 Nc6 3. Bb5 a6 4. Ba4 Nf6 5. O-O Be7 6. Re1 b5 7. Bb3 O-O 8. d4
d6 9. c3 Bg4 10. Be3 Bh5 11. h3 exd4 12. cxd4 Na5 13. Nbd2 Nxb3 14. axb3 Bg6
15. Bg5 Re8 16. Bxf6 Bxf6 17. b4 c5 18. bxc5 dxc5 19. e5 Be7 20. Nb3 c4 21. Nc1
Bb4 22. Re3 Qb6 23. Ne2 Rad8 24. Qc1 f6 25. b3 Bd3 26. bxc4 Bxc4 27. Nf4 fxe5
28. Nxe5 Qxd4 29. Nc6 Qd2 30. Nxd8 Qxc1+ 31. Rxc1 Rxd8 32. Rb1 a5 33. Ne6 Re8
34. Nd4 Rf8 35. Nc6 Bc5 36. Nxa5 Bxe3 37. fxe3 Rc8 38. Kf2 Kf7 39. e4 Bd3 40.
Rb4 Rc2+ 41. Ke3 Bf1 42. g3 Ra2 43. Nc6 Ra4 44. Rb1 Bxh3 45. Rxb5 Bg2 46. Nd4
Ra3+ 47. Kf4 Bxe4 48. Kxe4 Rxg3 49. Nf3 h6 50. Rb7+ Kg8 51. Kf4 Rg2 52. Nd4 Rg1
53. Nf5 Kh7 54. Ng3 Kg6 55. Kg4 Rc1 56. Rb6+ Kh7 57. Rb7 Kg6 58. Kf4 Rc4+ 59.
Kf3 Rc3+ 60. Kg4 Rc4+ 61. Kh3 Rc3 62. Rb6+ Kh7 63. Kg4 Rc4+ 64. Kf3 Rc3+ 65.
Kf4 Rc4+ 66. Ne4 Rc1 67. Nd2 Rd1 68. Nf3 Ra1 69. Kg3 Ra3 70. Rd6 Rb3 71. Kg4
Rb1 72. Rd7 Ra1 73. Kf4 Rf1 1/2-1/2

[Event "Winter Chess Classic"]
[Site "Montreal CAN"]
[Date "2020.03.05"]
[Round "6"]
[White "Posthuma, Joshua"]
[Black "Talukdar, Rohan"]
[Result "1/2-1/2"]
[WhiteElo "2355"]
[BlackElo "2331"]
[PlyCount "94"]
[EventDate "2020.03.02"]
[EventType "tourn"]
[EventRounds "9"]
[EventCountry "CAN"]
[WhiteTeam "USA"]
[BlackTeam "Kanada"]
[WhiteTeamCountry "USA"]
[BlackTeamCountry "CAN"]

1. d4 Nf6 2. c4 g6 3. Nc3 d5 4. cxd5 Nxd5 5. Na4 Bg7 6. e4 Nb6 7. Be3 O-O 8.
Nf3 Bg4 9. Nc5 Nc6 10. Nxb7 Qb8 11. Ba6 Nb4 12. Nc5 Bxf3 13. gxf3 Bxd4 14. Bxd4
Rd8 15. O-O Nxa6 16. Nxa6 Qc8 17. Nxc7 Qxc7 18. Bxb6 axb6 19. Qb3 Ra5 20. Rfd1
Rxd1+ 21. Rxd1 Rh5 22. Qc3 Qxh2+ 23. Kf1 Qe5 24. Qxe5 Rxe5 25. a4 f5 26. Rd4
Kf7 27. b4 Ke6 28. Ke2 h5 29. Ke3 h4 30. f4 Rxe4+ 31. Rxe4+ fxe4 32. Kxe4 h3
33. Kf3 Kd5 34. Kg3 Kc4 35. a5 bxa5 36. bxa5 Kb5 37. Kxh3 Kxa5 38. Kg4 Kb5 39.
Kg5 Kc4 40. Kxg6 Kd3 41. Kf5 Ke2 42. Ke6 Kf3 43. f5 Ke4 44. f3+ Kf4 45. Kxe7
Kxf5 46. Kd6 Kf4 47. Kd5 Kxf3 1/2-1/2

[Event "Winter Chess Classic"]
[Site "Montreal CAN"]
[Date "2020.03.05"]
[Round "7"]
[White "Talukdar, Rohan"]
[Black "Ragnarsson, Dagur"]
[Result "1/2-1/2"]
[WhiteElo "2331"]
[BlackElo "2400"]
[PlyCount "55"]
[EventDate "2020.03.02"]
[EventType "tourn"]
[EventRounds "9"]
[EventCountry "CAN"]
[WhiteTeam "Kanada"]
[BlackTeam "Island"]
[WhiteTeamCountry "CAN"]
[BlackTeamCountry "ISL"]

1. e4 e6 2. d4 d5 3. Nd2 c5 4. Ngf3 cxd4 5. Nxd4 Nf6 6. exd5 Nxd5 7. N2f3 Bb4+
8. Bd2 O-O 9. Be2 Qe7 10. O-O Bxd2 11. Qxd2 e5 12. Nb3 Rd8 13. Rfe1 Nc6 14. Bb5
Nc7 15. Bd3 Bf5 16. Qe2 Bxd3 17. cxd3 Re8 18. Rac1 Rad8 19. d4 e4 20. Ne5 Nxd4
21. Qxe4 Nxb3 22. axb3 Nd5 23. Qc4 Nb6 24. Qc3 Qd6 25. Nc4 Nxc4 26. bxc4 h6 27.
h3 Kh7 28. Rxe8 1/2-1/2

[Event "Winter Chess Classic"]
[Site "Montreal CAN"]
[Date "2020.03.06"]
[Round "8"]
[White "Williams, Justus"]
[Black "Talukdar, Rohan"]
[Result "0-1"]
[WhiteElo "2340"]
[BlackElo "2331"]
[PlyCount "56"]
[EventDate "2020.03.02"]
[EventType "tourn"]
[EventRounds "9"]
[EventCountry "CAN"]
[WhiteTeam "USA"]
[BlackTeam "Kanada"]
[WhiteTeamCountry "USA"]
[BlackTeamCountry "CAN"]

1. c4 Nf6 2. g3 g6 3. Bg2 d5 4. cxd5 Nxd5 5. Qb3 c6 6. Nc3 Nb6 7. Nf3 Bg7 8. h4
h6 9. d3 N8d7 10. a4 a5 11. Be3 Ra6 12. Bh3 O-O 13. Nd2 e6 14. h5 gxh5 15. Bg2
Nd5 16. Nxd5 exd5 17. Rxh5 Re8 18. Bxh6 Rb6 19. Qd1 Bxb2 20. Rb1 Nf6 21. Rh4
Ng4 22. Bf4 Rb4 23. e3 Rxf4 24. Rxb2 Nxe3 25. Rh8+ Kxh8 26. Qh5+ Kg7 27. Be4
dxe4 28. fxe3 Rf5 0-1

[Event "Charlotte op"]
[Site "Charlotte USA"]
[Date "2020.01.02"]
[Round "3.20"]
[White "Talukdar, Rohan"]
[Black "Chen, Benjamin"]
[Result "1-0"]
[WhiteElo "2343"]
[BlackElo "2046"]
[PlyCount "73"]
[EventDate "2020.01.01"]
[EventType "swiss"]
[EventRounds "9"]
[EventCountry "USA"]
[Source "ChessMix"]
[SourceDate "2020.01.10"]

1. e4 g6 2. d4 Bg7 3. Nc3 c6 4. Nf3 d5 5. h3 Nh6 6. Bd3 O-O 7. O-O f6 8. exd5
cxd5 9. Ne2 Nc6 10. c4 Nf7 11. Nc3 dxc4 12. Bxc4 Kh8 13. d5 Nce5 14. Nxe5 Nxe5
15. Bb3 Bf5 16. Bf4 Nd3 17. Be3 Qc8 18. Qe2 Ne5 19. Rad1 a6 20. Na4 Qd8 21. Nb6
Rb8 22. Rfe1 Qd6 23. f4 Nd7 24. Nc4 Qc7 25. d6 exd6 26. Nxd6 Nc5 27. Nf7+ Kg8
28. Rc1 b6 29. Nd6+ Kh8 30. Bxc5 bxc5 31. Qe7 Qb6 32. Kh1 Ra8 33. Nf7+ Kg8 34.
Ng5+ Kh8 35. Qxg7+ Kxg7 36. Re7+ Kh8 37. Rxh7# 1-0

[Event "Charlotte op"]
[Site "Charlotte USA"]
[Date "2020.01.03"]
[Round "4.12"]
[White "Zapata, Alonso"]
[Black "Talukdar, Rohan"]
[Result "1-0"]
[WhiteElo "2438"]
[BlackElo "2343"]
[PlyCount "83"]
[EventDate "2020.01.01"]
[EventType "swiss"]
[EventRounds "9"]
[EventCountry "USA"]
[Source "ChessMix"]
[SourceDate "2020.01.10"]

1. e4 c5 2. Nf3 d6 3. d4 cxd4 4. Nxd4 Nf6 5. Nc3 a6 6. g3 e5 7. Nb3 Be7 8. Bg2
O-O 9. O-O Bg4 10. Qd3 Nc6 11. h3 Nb4 12. Qd2 Be6 13. a3 Nc6 14. Nd5 Bxd5 15.
exd5 Nb8 16. Qe2 Nbd7 17. Be3 Qc7 18. c4 a5 19. a4 b6 20. Ra3 h6 21. f4 Rac8
22. Rc1 exf4 23. gxf4 Rfe8 24. Nd4 Nc5 25. Kh2 Qd7 26. Nc6 Bf8 27. Bf3 g6 28.
Rg1 Bg7 29. Qc2 Kf8 30. Bd4 Nce4 31. Bxb6 Qf5 32. Be3 g5 33. Qg2 Qg6 34. fxg5
hxg5 35. Bxg5 Rxc6 36. dxc6 Ng4+ 37. Qxg4 Nf2 38. Be7+ Rxe7 39. Qxg6 fxg6 40.
Rxg6 Bxb2 41. Rb3 Be5+ 42. Kg2 1-0

[Event "Charlotte op"]
[Site "Charlotte USA"]
[Date "2020.01.04"]
[Round "6.7"]
[White "Iotov, Valentine"]
[Black "Talukdar, Rohan"]
[Result "1-0"]
[WhiteElo "2516"]
[BlackElo "2343"]
[PlyCount "87"]
[EventDate "2020.01.01"]
[EventType "swiss"]
[EventRounds "9"]
[EventCountry "USA"]
[Source "ChessMix"]
[SourceDate "2020.01.10"]

1. c4 Nf6 2. Nc3 d5 3. cxd5 Nxd5 4. Nf3 g6 5. Qb3 Nb6 6. d4 Bg7 7. e4 O-O 8.
Be3 Bg4 9. Rd1 e6 10. Be2 Nc6 11. Ng1 Bxe2 12. Ngxe2 Qe7 13. O-O Na5 14. Qc2
Nac4 15. Bc1 c5 16. d5 e5 17. a4 Nd6 18. Nb5 Nd7 19. Nxd6 Qxd6 20. Nc3 a6 21.
a5 f5 22. Na4 Rac8 23. b3 c4 24. bxc4 Qb4 25. c5 Nxc5 26. Nb6 Rcd8 27. Bd2 Qb5
28. exf5 Rxf5 29. Be3 Bf8 30. d6 e4 31. g4 Re5 32. Nc4 Ree8 33. Rd5 Qd7 34. h3
Nd3 35. Nb6 Qf7 36. d7 Re6 37. Qc7 Be7 38. Nc8 Bf6 39. g5 Rc6 40. Qxb7 Qxd5 41.
gxf6 Rxd7 42. Ne7+ Rxe7 43. Qxe7 Rc8 44. Qg7# 1-0

[Event "Charlotte op"]
[Site "Charlotte USA"]
[Date "2020.01.04"]
[Round "7.16"]
[White "Talukdar, Rohan"]
[Black "Xu, Grant"]
[Result "1/2-1/2"]
[WhiteElo "2343"]
[BlackElo "2228"]
[PlyCount "70"]
[EventDate "2020.01.01"]
[EventType "swiss"]
[EventRounds "9"]
[EventCountry "USA"]
[Source "ChessMix"]
[SourceDate "2020.01.10"]

1. e4 e6 2. d4 d5 3. Nd2 Nf6 4. e5 Nfd7 5. Bd3 c5 6. c3 Nc6 7. Ne2 cxd4 8. cxd4
f6 9. exf6 Nxf6 10. Nf3 Bd6 11. O-O O-O 12. Bf4 Bxf4 13. Nxf4 Ne4 14. Nh5 Bd7
15. Ng3 Ng5 16. Ne5 Rf4 17. Ne2 Rf8 18. Ng3 Nxe5 19. dxe5 Nf7 20. f4 Qb6+ 21.
Kh1 Bb5 22. Bxb5 Qxb5 23. a4 Qd7 24. Qd4 Nd8 25. b4 Nc6 26. Qd2 a6 27. Ne4 Qe7
28. Nd6 Nd8 29. Qd4 Nf7 30. Nxf7 Qxf7 31. Rac1 Rac8 32. Rc5 Rxc5 33. bxc5 Rc8
34. Rb1 Qc7 35. g3 Qxc5 1/2-1/2

[Event "Olympiad U16"]
[Site "Corum TUR"]
[Date "2019.10.30"]
[Round "3.6"]
[White "Talukdar, Rohan"]
[Black "Chan Yi Meng, Ryan"]
[Result "1-0"]
[WhiteElo "2369"]
[BlackElo "2130"]
[PlyCount "117"]
[EventDate "2019.10.29"]
[EventType "team"]
[EventRounds "9"]
[EventCountry "TUR"]
[Source "ChessMix"]
[SourceDate "2019.11.10"]
[WhiteTeam "CAN"]
[BlackTeam "MAS-A"]

1. e4 e5 2. Nf3 Nc6 3. Bb5 a6 4. Ba4 Nf6 5. O-O Be7 6. Re1 b5 7. Bb3 d6 8. c3
O-O 9. d4 Bb7 10. Nbd2 Re8 11. Ng5 Rf8 12. Nf1 Na5 13. Bc2 c5 14. d5 g6 15. h4
Bc8 16. b3 Bg4 17. Nf3 Nh5 18. g3 c4 19. b4 Nb7 20. N1h2 Bd7 21. a4 a5 22. Bh6
Re8 23. Nd2 axb4 24. cxb4 c3 25. Nb1 Qc7 26. Ra3 bxa4 27. Nxc3 Qc4 28. Qb1 Reb8
29. Bd3 Qc7 30. Qa2 Nd8 31. Rb1 f5 32. exf5 gxf5 33. Nxa4 Nf7 34. Bd2 e4 35.
Be2 Nf6 36. Nc3 Rxa3 37. Qxa3 Ne5 38. Qb3 Nd3 39. b5 Rb7 40. Be3 Be8 41. b6 Qb8
42. Bxd3 exd3 43. Qd1 Bg6 44. f4 Ne4 45. Nxe4 fxe4 46. Qg4 Bd8 47. f5 Bxb6 48.
Rxb6 Rxb6 49. fxg6 Rb1+ 50. Kg2 Qb2+ 51. Kh3 hxg6 52. Qxg6+ Qg7 53. Qe8+ Qf8
54. Qxe4 Rb3 55. Bd4 Qf7 56. Qg4+ Kh7 57. Nf3 Qg6 58. Qd7+ Kg8 59. Qd8+ 1-0